[Event "Chigorin Memorial 27th"]
[Site "St Petersburg"]
[Date "2019.10.11"]
[Round "7"]
[White "Reger, Valeriia"]
[Black "Vankon, Alexander"]
[Result "1/2-1/2"]
[WhiteElo "1599"]
[BlackElo "1955"]
[PlyCount "91"]
[EventDate "2019.10.05"]
[EventType "swiss"]
[EventRounds "9"]
[EventCountry "RUS"]
[SourceTitle "EXT 2021"]
[Source "ChessBase"]
[SourceDate "2020.10.23"]
[SourceVersion "1"]
[SourceVersionDate "2020.10.23"]
[SourceQuality "1"]

1. d4 Nf6 2. c4 g6 3. Nf3 Bg7 4. g3 d6 5. Bg2 0-0 6. 0-0 Nc6 7. Nc3 e5 8. d5 Na5 9. Qd3 c5 10. e4 Bd7 11. Nd2 a6 12. a3 b5 13. cxb5 axb5 14. b4 Nb7 15. Bb2 cxb4 16. axb4 Qb6 17. h3 Nh5 18. Kh2 Rxa1 19. Bxa1 f5 20. exf5 gxf5 21. Qe2 Be8 22. Nf3 Nd8 23. Ng5 e4 24. Ne6 Nxe6 25. dxe6 Nf6 26. Qa2 d5 27. Nxd5 Qxe6 28. Nxf6+ Rxf6 29. Qa8 Rf7 30. Bxg7 Kxg7 31. Rc1 Bd7 32. Qd8 Qe7 33. Qb6 Qxb4 34. Rc7 Qb2 35. Qd6 Be6 36. Rc6 Rf6 37. Qf4 Bf7 38. Rc5 Bg6 39. Bf1 b4 40. Bc4 Bf7 41. Rc7 h6 42. Kg2 Qd4 43. Bxf7 Rxf7 44. Rxf7+ Kxf7 45. Qxf5+ Kg7 46. Qe6 1/2-1/2

[Event "Chigorin Memorial 27th"]
[Site "St Petersburg"]
[Date "2019.10.09"]
[Round "5"]
[White "Zhuravlev, Mikhail4444"]
[Black "Vankon, Alexander"]
[Result "0-1"]
[WhiteElo "1577"]
[BlackElo "1955"]
[PlyCount "61"]
[EventDate "2019.10.05"]
[EventType "swiss"]
[EventRounds "9"]
[EventCountry "RUS"]
[SourceTitle "EXT 2020"]
[Source "ChessBase"]
[SourceDate "2019.10.17"]
[SourceVersion "1"]
[SourceVersionDate "2019.10.17"]
[SourceQuality "1"]

1. e4 c5 2. Nf3 Nc6 3. Bb5 g6 4. Bxc6 dxc6 5. d3 Bg7 6. 0-0 Nf6 7. Nbd2 0-0 8. h3 b5 9. Re1 Ne8 10. Nb3 c4 11. dxc4 Qxd1 12. Rxd1 bxc4 13. Na5 c3 14. b3 c5 15. Ba3 Nd6 16. Re1 f5 17. e5 Ne4 18. Rad1 Be6 19. Nc6 Rfe8 20. Rxe4 fxe4 21. Ng5 Bf5 22. g4 Bh6 23. gxf5 Bxg5 24. fxg6 hxg6 25. Rd7 Kf7 26. Rd5 Rac8 27. Rxc5 e3 28. Kf1 Kg7 29. fxe3 Rf8+ 30. Ke2 Rh8 31. Rxc3 0-1

[Event "Chigorin Memorial 27th"]
[Site "St Petersburg"]
[Date "2019.10.08"]
[Round "4"]
[White "Vankon, Alexander"]
[Black "Petrov, Igor1111"]
[Result "1/2-1/2"]
[WhiteElo "1955"]
[BlackElo "1584"]
[PlyCount "114"]
[EventDate "2019.10.05"]
[EventType "swiss"]
[EventRounds "9"]
[EventCountry "RUS"]
[SourceTitle "EXT 2020"]
[Source "ChessBase"]
[SourceDate "2019.10.17"]
[SourceVersion "1"]
[SourceVersionDate "2019.10.17"]
[SourceQuality "1"]

1. e4 e6 2. d3 d5 3. Nd2 Nf6 4. Ngf3 c5 5. g3 g6 6. Bg2 Bg7 7. 0-0 0-0 8. Re1 Nc6 9. c3 dxe4 10. dxe4 e5 11. Qc2 b6 12. Nc4 Qc7 13. Bg5 Ba6 14. Ne3 Ne7 15. Rad1 Rad8 16. b3 h6 17. Bxf6 Bxf6 18. c4 Bg7 19. Nd5 Nxd5 20. exd5 f5 21. Nh4 Qd6 22. g4 Bc8 23. gxf5 g5 24. f6 Rxf6 25. Nf3 Bg4 26. Nd2 Bxd1 27. Qxd1 Rf4 28. Ne4 Qg6 29. Qd2 h5 30. b4 g4 31. bxc5 bxc5 32. Qa5 Qb6 33. Qxb6 axb6 34. Rb1 Ra8 35. d6 Rxa2 36. d7 Rf8 37. Rd1 Rd8 38. Ng5 Bf6 39. Bd5+ Kf8 40. Ne6+ Ke7 41. Nxd8 Kxd8 42. Bf7 Bh4 43. Bxh5 Bxf2+ 44. Kh1 g3 45. Bg4 gxh2 46. Kxh2 Be3+ 47. Kg3 Rd2 48. Ra1 Rxd7 49. Bxd7 Kxd7 50. Kf3 Bd4 51. Rh1 Kc6 52. Ke4 Kb7 53. Kd5 Ka6 54. Rh2 Kb7 55. Rg2 Bc3 56. Rg7+ Ka6 57. Rg3 Bd4 1/2-1/2

[Event "St Petersburg Korchnoi Memorial op"]
[Site "St Petersburg"]
[Date "2019.08.22"]
[Round "9"]
[White "Vankon, Alexander"]
[Black "Kudin, Alexander"]
[Result "1-0"]
[WhiteElo "1000"]
[BlackElo "1828"]
[PlyCount "51"]
[EventDate "2019.08.14"]
[EventType "swiss"]
[EventRounds "9"]
[EventCountry "RUS"]
[SourceTitle "CBM 192"]
[Source "ChessBase"]
[SourceDate "2019.10.31"]
[SourceVersion "1"]
[SourceVersionDate "2019.10.31"]
[SourceQuality "1"]

1. e4 e5 2. Nf3 Nc6 3. d4 exd4 4. Bc4 Nf6 5. e5 d5 6. Bb5 Nd7 7. 0-0 Be7 8. c3 0-0 9. cxd4 a6 10. Bxc6 bxc6 11. Qc2 Bb7 12. Be3 Re8 13. Nbd2 Bf8 14. Ng5 g6 15. f4 f6 16. Nh3 Bh6 17. Rae1 fxe5 18. dxe5 Qe7 19. Nf3 c5 20. Nfg5 d4 21. Qb3+ Kg7 22. f5 gxf5 23. Rxf5 Bxg5 24. Bxg5 Qe6 25. Bf6+ Kf8 26. Qg3 1-0

[Event "St Petersburg Korchnoi Memorial op"]
[Site "St Petersburg"]
[Date "2019.08.20"]
[Round "7"]
[White "Vankon, Alexander"]
[Black "Vorobjev, Dmitry"]
[Result "0-1"]
[WhiteElo "1000"]
[BlackElo "2173"]
[PlyCount "86"]
[EventDate "2019.08.14"]
[EventType "swiss"]
[EventRounds "9"]
[EventCountry "RUS"]
[SourceTitle "CBM 192"]
[Source "ChessBase"]
[SourceDate "2019.10.31"]
[SourceVersion "1"]
[SourceVersionDate "2019.10.31"]
[SourceQuality "1"]

1. e4 c5 2. Nf3 d6 3. d4 cxd4 4. Nxd4 Nf6 5. Nc3 g6 6. f3 Bg7 7. Be3 Nc6 8. Bc4 0-0 9. Qd2 Bd7 10. h4 Rc8 11. Bb3 h5 12. g4 hxg4 13. 0-0-0 Ne5 14. Bh6 e6 15. Kb1 gxf3 16. h5 Nxh5 17. Rxh5 gxh5 18. Bg5 Bf6 19. Bf4 Re8 20. Bxe5 Bxe5 21. Rg1+ Kh7 22. Nxf3 Rg8 23. Rh1 Rg6 24. Rxh5+ Kg7 25. Ne2 Qe7 26. Nf4 Bxf4 27. Qxf4 Rh8 28. Rxh8 Kxh8 29. Qh2+ Kg8 30. a3 e5 31. Qh5 Be6 32. Nh4 Qg5 33. Qxg5 Rxg5 34. Nf3 Rg3 35. Bxe6 fxe6 36. Nd2 Kf7 37. c4 Re3 38. Kc2 Kf6 39. a4 a5 40. c5 dxc5 41. Nc4 Rxe4 42. b3 Rxc4+ 43. bxc4 e4 0-1